[Event "PRAGUE OPEN 2020 - A - IM open"]
[Site "?"]
[Date "2020.01.16"]
[Round "8"]
[White "Peng, Hongchi"]
[Black "Low, Zhen Yu Cyrus"]
[Result "0-1"]
[BlackElo "2415"]
[WhiteElo "2362"]
[LiveChessVersion "1.4.8"]

1. e4 {[%clk 1:30:55]} c6 {[%clk 1:30:52]} 2. d4 {[%clk 1:30:49]} d5
{[%clk 1:31:15]} 3. e5 {[%clk 1:31:12]} c5 {[%clk 1:31:39]} 4. dxc5
{[%clk 1:31:39]} e6 {[%clk 1:31:59]} 5. a3 {[%clk 1:32:05]} Nc6 {[%clk 1:32:22]}
6. b4 {[%clk 1:29:40]} a5 {[%clk 1:29:51]} 7. b5 {[%clk 1:27:56]} Nxe5
{[%clk 1:30:04]} 8. Bb2 {[%clk 1:23:44]} Nd7 {[%clk 1:18:36]} 9. c6
{[%clk 1:21:52]} bxc6 {[%clk 1:18:32]} 10. bxc6 {[%clk 1:22:17]} Ndf6
{[%clk 1:14:32]} 11. Bb5 {[%clk 1:05:14]} Qb6 {[%clk 1:08:29]} 12. Qe2
{[%clk 1:02:08]} Bc5 {[%clk 1:01:08]} 13. a4 {[%clk 0:58:36]} Ne7
{[%clk 0:58:30]} 14. Nf3 {[%clk 0:58:20]} Nxc6 {[%clk 0:58:06]} 15. O-O
{[%clk 0:57:59]} O-O {[%clk 0:55:58]} 16. Bxf6 {[%clk 0:58:13]} gxf6
{[%clk 0:56:16]} 17. c4 {[%clk 0:56:50]} dxc4 {[%clk 0:47:53]} 18. Nbd2
{[%clk 0:57:16]} Bb7 {[%clk 0:43:24]} 19. Rac1 {[%clk 0:52:34]} Ne7
{[%clk 0:39:20]} 20. Nxc4 {[%clk 0:38:28]} Qc7 {[%clk 0:38:31]} 21. Ne3
{[%clk 0:28:22]} Rac8 {[%clk 0:30:30]} 22. Rc4 {[%clk 0:21:47]} Ng6
{[%clk 0:30:08]} 23. Ng4 {[%clk 0:19:46]} Qe7 {[%clk 0:29:16]} 24. Qb2
{[%clk 0:12:52]} e5 {[%clk 0:29:10]} 25. Rd1 {[%clk 0:06:06]} Rfd8
{[%clk 0:20:33]} 26. Rxd8+ {[%clk 0:04:23]} Rxd8 {[%clk 0:20:53]} 27. Qc2
{[%clk 0:04:32]} Bb6 {[%clk 0:17:45]} 28. Bc6 {[%clk 0:04:42]} Bc8
{[%clk 0:17:00]} 29. Nh6+ {[%clk 0:03:15]} Kg7 {[%clk 0:14:51]} 30. Be4
{[%clk 0:03:42]} Qd6 {[%clk 0:14:35]} 31. h3 {[%clk 0:01:07]} Qd1+
{[%clk 0:13:35]} 32. Qxd1 {[%clk 0:01:35]} Rxd1+ {[%clk 0:13:58]} 33. Kh2
{[%clk 0:02:04]} Bd7 {[%clk 0:10:41]} 34. Nf5+ {[%clk 0:02:24]} Bxf5
{[%clk 0:10:49]} 35. Bxf5 {[%clk 0:02:51]} Bxf2 {[%clk 0:11:12]} 36. g3
{[%clk 0:01:49]} Ne7 {[%clk 0:11:10]} 37. Bc2 {[%clk 0:01:33]} Rc1
{[%clk 0:11:08]} 38. Kg2 {[%clk 0:01:59]} Be3 {[%clk 0:10:58]} 39. Bd3
{[%clk 0:00:58]} Rxc4 {[%clk 0:10:37]} 40. Bxc4 {[%clk 0:01:25]} e4
{[%clk 0:10:46]} 41. Ne1 {[%clk 0:01:39]} f5 {[%clk 0:11:09]} 42. Nc2
{[%clk 0:01:30]} Bc5 {[%clk 0:11:30]} 43. Na1 {[%clk 0:01:10]} Kf6
{[%clk 0:10:27]} 44. Nb3 {[%clk 0:01:37]} Bb6 {[%clk 0:10:48]} 45. Nd2
{[%clk 0:01:44]} Nc6 {[%clk 0:08:55]} 46. g4 {[%clk 0:01:38]} Be3
{[%clk 0:06:46]} 47. Nf1 {[%clk 0:01:52]} Bf4 {[%clk 0:07:00]} 48. gxf5
{[%clk 0:02:18]} Ne5 {[%clk 0:07:20]} 49. Bd5 {[%clk 0:02:20]} Kxf5
{[%clk 0:07:33]} 50. h4 {[%clk 0:02:39]} f6 {[%clk 0:07:34]} 51. Bg8
{[%clk 0:03:01]} Kg6 {[%clk 0:07:54]} 52. Ng3 {[%clk 0:02:36]} Bxg3
{[%clk 0:08:05]} 53. Kxg3 {[%clk 0:03:04]} e3 {[%clk 0:08:21]} 54. Bb3
{[%clk 0:03:19]} e2 {[%clk 0:08:10]} 55. Bc2+ {[%clk 0:03:47]} Kh5
{[%clk 0:08:35]} 56. Kf2 {[%clk 0:04:14]} Nf3 {[%clk 0:08:59]} 0-1

[Event "PRAGUE OPEN 2020 - A - IM open"]
[Site "?"]
[Date "2020.01.16"]
[Round "8"]
[White "Wang, Yukun"]
[Black "Stankovic, Milos"]
[Result "0-1"]
[BlackElo "2466"]
[WhiteElo "1990"]
[LiveChessVersion "1.4.8"]

1. e4 {[%clk 1:30:58]} c6 {[%clk 1:30:48]} 2. d4 {[%clk 1:30:39]} d5
{[%clk 1:30:50]} 3. exd5 {[%clk 1:31:07]} cxd5 {[%clk 1:30:47]} 4. Bd3
{[%clk 1:31:33]} Nc6 {[%clk 1:30:46]} 5. c3 {[%clk 1:32:02]} g6 {[%clk 1:30:44]}
6. h3 {[%clk 1:31:32]} Nf6 {[%clk 1:30:41]} 7. Nf3 {[%clk 1:31:43]} Bf5
{[%clk 1:29:35]} 8. Bxf5 {[%clk 1:25:36]} gxf5 {[%clk 1:28:49]} 9. Bf4
{[%clk 1:26:04]} e6 {[%clk 1:26:14]} 10. Qb3 {[%clk 1:25:49]} Qd7
{[%clk 1:22:30]} 11. Ne5 {[%clk 1:25:13]} Nxe5 {[%clk 1:22:38]} 12. Bxe5
{[%clk 1:25:29]} Be7 {[%clk 1:22:37]} 13. g4 {[%clk 1:25:32]} Rg8
{[%clk 1:17:41]} 14. f3 {[%clk 1:12:27]} Qc6 {[%clk 1:15:34]} 15. Na3
{[%clk 1:12:29]} Nd7 {[%clk 1:12:19]} 16. Nb5 {[%clk 1:12:51]} Nxe5
{[%clk 1:09:27]} 17. dxe5 {[%clk 1:13:20]} a6 {[%clk 1:05:10]} 18. Nd4
{[%clk 1:13:09]} Bh4+ {[%clk 1:05:03]} 19. Kd2 {[%clk 1:11:41]} Qc7
{[%clk 1:00:48]} 20. f4 {[%clk 1:11:15]} O-O-O {[%clk 0:50:05]} 21. Rag1
{[%clk 1:08:12]} Bf2 {[%clk 0:46:17]} 22. Rg2 {[%clk 1:06:44]} Bxd4
{[%clk 0:45:01]} 23. cxd4 {[%clk 1:07:08]} Kb8 {[%clk 0:45:22]} 24. Rc1
{[%clk 1:06:18]} Qa5+ {[%clk 0:40:48]} 25. Kd1 {[%clk 1:00:20]} fxg4
{[%clk 0:35:17]} 26. hxg4 {[%clk 0:59:17]} Rc8 {[%clk 0:35:33]} 27. Rxc8+
{[%clk 0:55:57]} Rxc8 {[%clk 0:35:55]} 28. Rc2 {[%clk 0:56:10]} Rxc2
{[%clk 0:34:25]} 29. Kxc2 {[%clk 0:56:35]} Qe1 {[%clk 0:34:30]} 30. Qf3
{[%clk 0:57:03]} Qg1 {[%clk 0:32:41]} 31. Qd1 {[%clk 0:36:09]} Qg3
{[%clk 0:29:58]} 32. f5 {[%clk 0:32:53]} exf5 {[%clk 0:29:51]} 33. gxf5
{[%clk 0:33:21]} Qf2+ {[%clk 0:30:06]} 34. Kc3 {[%clk 0:33:45]} Qxf5
{[%clk 0:30:19]} 35. Qh1 {[%clk 0:34:11]} Qc8+ {[%clk 0:28:43]} 36. Kd2
{[%clk 0:34:39]} Qc4 {[%clk 0:29:00]} 37. Qxh7 {[%clk 0:34:06]} Qxd4+
{[%clk 0:28:55]} 38. Kc2 {[%clk 0:34:31]} Qf2+ {[%clk 0:28:46]} 39. Kc3
{[%clk 0:33:16]} Qe3+ {[%clk 0:28:58]} 40. Kc2 {[%clk 0:33:38]} Qe2+
{[%clk 0:29:02]} 41. Kc1 {[%clk 0:32:10]} Qc4+ {[%clk 0:27:09]} 42. Kb1
{[%clk 0:31:23]} Qg4 {[%clk 0:26:40]} 43. Qh8+ {[%clk 0:25:12]} Kc7
{[%clk 0:23:59]} 44. a3 {[%clk 0:25:22]} Qe4+ {[%clk 0:23:10]} 45. Kc1
{[%clk 0:25:09]} d4 {[%clk 0:22:07]} 46. Qh5 {[%clk 0:24:52]} Qe1+
{[%clk 0:20:55]} 47. Kc2 {[%clk 0:25:16]} Qe4+ {[%clk 0:19:14]} 48. Kc1
{[%clk 0:25:32]} Qe3+ {[%clk 0:17:56]} 49. Kd1 {[%clk 0:16:06]} Qd3+
{[%clk 0:17:54]} 50. Kc1 {[%clk 0:16:25]} Qc4+ {[%clk 0:17:45]} 51. Kd1
{[%clk 0:16:27]} d3 {[%clk 0:17:55]} 52. Qh2 {[%clk 0:16:54]} Qc2+
{[%clk 0:17:27]} 0-1

[Event "PRAGUE OPEN 2020 - A - IM open"]
[Site "?"]
[Date "2020.01.16"]
[Round "8"]
[White "Chyzy, Jakub"]
[Black "Laxman, R.R."]
[Result "0-1"]
[BlackElo "2441"]
[WhiteElo "2291"]
[LiveChessVersion "1.4.8"]

1. e4 {[%clk 1:30:58]} e5 {[%clk 1:30:56]} 2. Nf3 {[%clk 1:31:19]} Nc6
{[%clk 1:31:21]} 3. Bb5 {[%clk 1:31:45]} a6 {[%clk 1:31:10]} 4. Ba4
{[%clk 1:32:10]} Nf6 {[%clk 1:31:35]} 5. O-O {[%clk 1:32:34]} Be7
{[%clk 1:32:02]} 6. Re1 {[%clk 1:32:54]} b5 {[%clk 1:32:27]} 7. Bb3
{[%clk 1:33:21]} O-O {[%clk 1:32:51]} 8. d4 {[%clk 1:33:44]} d6 {[%clk 1:33:17]}
9. c3 {[%clk 1:34:08]} Bg4 {[%clk 1:33:42]} 10. d5 {[%clk 1:34:33]} Na5
{[%clk 1:34:04]} 11. Bc2 {[%clk 1:34:59]} Qc8 {[%clk 1:34:28]} 12. h3
{[%clk 1:34:44]} Bd7 {[%clk 1:34:43]} 13. Nbd2 {[%clk 1:34:28]} c6
{[%clk 1:35:05]} 14. dxc6 {[%clk 1:32:46]} Qxc6 {[%clk 1:35:18]} 15. Nf1
{[%clk 1:32:55]} Nc4 {[%clk 1:34:21]} 16. Ng3 {[%clk 1:32:38]} Rfe8
{[%clk 1:34:36]} 17. Nh4 {[%clk 1:32:09]} g6 {[%clk 1:34:32]} 18. Qf3
{[%clk 1:24:06]} Kg7 {[%clk 1:33:46]} 19. b3 {[%clk 1:22:21]} Nb6
{[%clk 1:34:03]} 20. Qe3 {[%clk 1:21:18]} Ng8 {[%clk 1:31:41]} 21. Nf3
{[%clk 1:03:23]} Rac8 {[%clk 1:30:03]} 22. Bd2 {[%clk 1:01:50]} f6
{[%clk 1:29:37]} 23. Rac1 {[%clk 0:56:44]} Be6 {[%clk 1:29:16]} 24. Nh2
{[%clk 0:52:33]} d5 {[%clk 1:28:56]} 25. Ng4 {[%clk 0:51:09]} Ba3
{[%clk 1:28:38]} 26. Rcd1 {[%clk 0:34:20]} d4 {[%clk 1:25:58]} 27. cxd4
{[%clk 0:27:48]} Bxg4 {[%clk 1:25:18]} 28. hxg4 {[%clk 0:27:50]} exd4
{[%clk 1:24:44]} 29. Qxd4 {[%clk 0:23:56]} Red8 {[%clk 1:25:12]} 30. Qe3
{[%clk 0:23:01]} Qxc2 {[%clk 1:25:41]} 31. g5 {[%clk 0:22:20]} Bc5
{[%clk 1:25:12]} 32. gxf6+ {[%clk 0:22:19]} Nxf6 {[%clk 1:24:50]} 33. Qh6+
{[%clk 0:21:24]} Kg8 {[%clk 1:25:05]} 34. Qg5 {[%clk 0:13:25]} Rf8
{[%clk 1:22:53]} 35. Nf5 {[%clk 0:05:23]} Bxf2+ {[%clk 1:21:39]} 36. Kh1
{[%clk 0:05:33]} Bxe1 {[%clk 1:21:11]} 37. Rxe1 {[%clk 0:05:08]} Kh8
{[%clk 1:20:50]} 38. Ne7 {[%clk 0:04:21]} Qc5 {[%clk 1:19:26]} 39. Nxc8
{[%clk 0:00:54]} Qxg5 {[%clk 1:19:43]} 40. Bxg5 {[%clk 0:01:16]} Nxc8
{[%clk 1:20:12]} 41. e5 {[%clk 0:00:40]} Nd5 {[%clk 1:20:30]} 42. e6
{[%clk 0:28:10]} Kg7 {[%clk 1:50:42]} 43. Rc1 {[%clk 0:27:33]} Nce7
{[%clk 1:51:02]} 44. Bxe7 {[%clk 0:27:02]} Nxe7 {[%clk 1:51:30]} 45. Rc7
{[%clk 0:27:21]} Kf6 {[%clk 1:51:53]} 46. Ra7 {[%clk 0:27:35]} Kxe6
{[%clk 1:51:51]} 47. Rxa6+ {[%clk 0:28:01]} Kd5 {[%clk 1:52:14]} 48. Ra7
{[%clk 0:28:14]} Kd6 {[%clk 1:52:36]} 49. a4 {[%clk 0:27:35]} b4 {[%clk 1:52:56]}
50. Rb7 {[%clk 0:27:56]} Nc6 {[%clk 1:53:13]} 51. Rxh7 {[%clk 0:27:26]} Rf1+
{[%clk 1:53:40]} 52. Kh2 {[%clk 0:27:50]} Rb1 {[%clk 1:54:05]} 53. Rh6
{[%clk 0:27:42]} Ne5 {[%clk 1:54:24]} 0-1

[Event "PRAGUE OPEN 2020 - A - IM open"]
[Site "?"]
[Date "2020.01.16"]
[Round "8"]
[White "Czerw, Dawid"]
[Black "Neuman, Petr"]
[Result "1/2-1/2"]
[BlackElo "2371"]
[WhiteElo "2262"]
[LiveChessVersion "1.4.8"]

1. d4 {[%clk 1:30:57]} d5 {[%clk 1:30:55]} 2. c4 {[%clk 1:31:22]} c6
{[%clk 1:31:22]} 3. Nf3 {[%clk 1:31:47]} Nf6 {[%clk 1:31:47]} 4. e3
{[%clk 1:32:13]} Bf5 {[%clk 1:32:05]} 5. Nc3 {[%clk 1:31:55]} a6 {[%clk 1:32:19]}
6. Nh4 {[%clk 1:22:50]} Bg4 {[%clk 1:23:57]} 7. f3 {[%clk 1:15:02]} Bc8
{[%clk 1:23:44]} 8. g3 {[%clk 1:06:54]} dxc4 {[%clk 1:13:38]} 9. Bxc4
{[%clk 1:06:03]} e6 {[%clk 1:14:03]} 10. e4 {[%clk 1:03:22]} c5 {[%clk 1:12:52]}
11. Be3 {[%clk 1:00:13]} cxd4 {[%clk 1:09:03]} 1/2-1/2

[Event "PRAGUE OPEN 2020 - A - IM open"]
[Site "?"]
[Date "2020.01.16"]
[Round "8"]
[White "Kvaloy, Aksel Bu"]
[Black "Vokac, Marek"]
[Result "0-1"]
[BlackElo "2334"]
[WhiteElo "2132"]
[LiveChessVersion "1.4.8"]

1. e4 {[%clk 1:30:56]} Nf6 {[%clk 1:29:55]} 2. e5 {[%clk 1:31:06]} Ng8
{[%clk 1:30:07]} 3. d4 {[%clk 1:29:53]} d6 {[%clk 1:30:35]} 4. exd6
{[%clk 1:29:23]} cxd6 {[%clk 1:30:51]} 5. c4 {[%clk 1:26:35]} g6 {[%clk 1:31:10]}
6. Nc3 {[%clk 1:26:19]} Bg7 {[%clk 1:31:30]} 7. g3 {[%clk 1:23:44]} Nf6
{[%clk 1:29:43]} 8. Bg2 {[%clk 1:23:27]} O-O {[%clk 1:30:04]} 9. Nge2
{[%clk 1:22:13]} Nc6 {[%clk 1:30:09]} 10. O-O {[%clk 1:21:55]} Bd7
{[%clk 1:24:35]} 11. b3 {[%clk 1:18:03]} Qc8 {[%clk 1:19:18]} 12. d5
{[%clk 1:12:32]} Ne5 {[%clk 1:09:25]} 13. Be3 {[%clk 0:57:51]} Bh3
{[%clk 1:04:02]} 14. Rc1 {[%clk 0:52:02]} Bxg2 {[%clk 1:01:08]} 15. Kxg2
{[%clk 0:52:16]} h5 {[%clk 0:58:59]} 16. h3 {[%clk 0:48:19]} h4 {[%clk 0:53:20]}
17. f4 {[%clk 0:46:19]} Ned7 {[%clk 0:48:08]} 18. g4 {[%clk 0:46:05]} Nc5
{[%clk 0:48:06]} 19. b4 {[%clk 0:37:51]} Na6 {[%clk 0:43:48]} 20. Qb3
{[%clk 0:34:27]} e6 {[%clk 0:44:07]} 21. g5 {[%clk 0:26:37]} Nh5 {[%clk 0:41:50]}
22. Ne4 {[%clk 0:23:02]} exd5 {[%clk 0:39:03]} 23. cxd5 {[%clk 0:20:26]} Qd7
{[%clk 0:39:10]} 24. N2c3 {[%clk 0:17:09]} Rfe8 {[%clk 0:37:59]} 25. Rce1
{[%clk 0:16:49]} Re7 {[%clk 0:36:04]} 26. b5 {[%clk 0:14:53]} Nc7
{[%clk 0:33:40]} 27. Qb4 {[%clk 0:14:08]} Ne8 {[%clk 0:33:37]} 28. Bd2
{[%clk 0:11:56]} Rc8 {[%clk 0:31:52]} 29. Rf2 {[%clk 0:11:18]} a5
{[%clk 0:13:14]} 30. Qxa5 {[%clk 0:06:56]} Rc4 {[%clk 0:13:13]} 31. Rfe2
{[%clk 0:05:28]} Rd4 {[%clk 0:10:57]} 32. Qa7 {[%clk 0:01:40]} Rxd2
{[%clk 0:10:05]} 33. Rxd2 {[%clk 0:01:53]} Nxf4+ {[%clk 0:09:24]} 34. Kg1
{[%clk 0:01:24]} Bxc3 {[%clk 0:09:03]} 35. Qe3 {[%clk 0:00:42]} Nxh3+
{[%clk 0:05:04]} 36. Kh2 {[%clk 0:00:47]} Be5+ {[%clk 0:05:05]} 37. Kh1
{[%clk 0:00:40]} Nf4 {[%clk 0:04:30]} 38. Rg1 {[%clk 0:00:34]} Nh5
{[%clk 0:04:10]} 39. Rf2 {[%clk 0:00:36]} Ng3+ {[%clk 0:03:45]} 40. Nxg3
{[%clk 0:00:39]} Bxg3 {[%clk 0:02:30]} 41. Rxg3 {[%clk 0:00:59]} hxg3
{[%clk 0:02:16]} 42. Qxg3 {[%clk 0:01:13]} Qxb5 {[%clk 0:02:37]} 43. Qf3
{[%clk 0:01:14]} Qb1+ {[%clk 0:02:20]} 44. Kh2 {[%clk 0:01:34]} Qe4
{[%clk 0:02:48]} 45. Qh3 {[%clk 0:01:34]} Qe5+ {[%clk 0:02:36]} 46. Kg1
{[%clk 0:01:01]} Qxg5+ {[%clk 0:02:52]} 47. Kf1 {[%clk 0:01:26]} Qxd5
{[%clk 0:02:19]} 48. Rh2 {[%clk 0:01:15]} Qd1+ {[%clk 0:02:18]} 0-1

[Event "PRAGUE OPEN 2020 - A - IM open"]
[Site "?"]
[Date "2020.01.16"]
[Round "8"]
[White "Liu, Zhaoqi"]
[Black "Ludvik, Tomas"]
[Result "1/2-1/2"]
[BlackElo "2272"]
[WhiteElo "2328"]
[LiveChessVersion "1.4.8"]

1. Nf3 {[%clk 1:30:50]} Nf6 {[%clk 1:30:47]} 2. g3 {[%clk 1:31:13]} d5
{[%clk 1:29:59]} 3. Bg2 {[%clk 1:31:34]} c5 {[%clk 1:28:34]} 4. O-O
{[%clk 1:31:55]} Nc6 {[%clk 1:28:52]} 5. d4 {[%clk 1:32:01]} cxd4
{[%clk 1:26:20]} 6. Nxd4 {[%clk 1:32:25]} e5 {[%clk 1:25:23]} 7. Nxc6
{[%clk 1:32:22]} bxc6 {[%clk 1:25:52]} 8. c4 {[%clk 1:32:43]} Rb8
{[%clk 1:22:42]} 9. Nc3 {[%clk 1:30:54]} d4 {[%clk 1:22:31]} 10. Ne4
{[%clk 1:22:44]} Nxe4 {[%clk 1:22:03]} 11. Bxe4 {[%clk 1:23:12]} Qd7
{[%clk 1:20:16]} 12. e3 {[%clk 1:20:06]} f5 {[%clk 1:02:00]} 13. Bg2
{[%clk 1:20:25]} Be7 {[%clk 0:56:25]} 14. exd4 {[%clk 1:20:21]} exd4
{[%clk 0:55:43]} 15. Qh5+ {[%clk 0:59:21]} g6 {[%clk 0:54:26]} 16. Qe2
{[%clk 0:59:04]} O-O {[%clk 0:49:11]} 17. Bh6 {[%clk 0:59:24]} Rf7
{[%clk 0:44:19]} 18. Bf4 {[%clk 0:50:12]} Rb6 {[%clk 0:39:38]} 19. Rfd1
{[%clk 0:48:11]} Bb7 {[%clk 0:36:59]} 20. c5 {[%clk 0:40:32]} Ba6
{[%clk 0:30:29]} 21. Qc2 {[%clk 0:29:38]} Rb4 {[%clk 0:25:24]} 22. a3
{[%clk 0:25:11]} Rc4 {[%clk 0:22:21]} 23. Qe2 {[%clk 0:25:40]} Bb5
{[%clk 0:21:16]} 24. Qd2 {[%clk 0:25:40]} Bxc5 {[%clk 0:16:28]} 25. b4
{[%clk 0:20:48]} Be7 {[%clk 0:14:32]} 26. Bf1 {[%clk 0:19:44]} Bf6
{[%clk 0:08:46]} 27. Bxc4 {[%clk 0:19:13]} Bxc4 {[%clk 0:09:15]} 28. Rac1
{[%clk 0:19:31]} Bd5 {[%clk 0:09:06]} 29. Re1 {[%clk 0:13:49]} Be4
{[%clk 0:08:38]} 30. h4 {[%clk 0:14:04]} Qd5 {[%clk 0:06:14]} 31. Kh2
{[%clk 0:14:24]} Qb3 {[%clk 0:05:05]} 32. a4 {[%clk 0:12:20]} Qf3
{[%clk 0:00:46]} 33. Rg1 {[%clk 0:12:49]} Rb7 {[%clk 0:00:45]} 34. Rcf1
{[%clk 0:12:22]} Qb3 {[%clk 0:00:37]} 35. Bd6 {[%clk 0:11:43]} Rd7
{[%clk 0:00:38]} 36. Bc5 {[%clk 0:11:11]} a6 {[%clk 0:00:46]} 37. Qf4
{[%clk 0:10:41]} Qf3 {[%clk 0:00:34]} 38. Bd6 {[%clk 0:07:26]} g5
{[%clk 0:00:33]} 39. hxg5 {[%clk 0:05:59]} Rxd6 {[%clk 0:00:32]} 40. gxf6
{[%clk 0:01:12]} Rxf6 {[%clk 0:00:40]} 41. Qg5+ {[%clk 0:01:21]} Rg6
{[%clk 0:20:25]} 42. Qd8+ {[%clk 0:31:04]} Kf7 {[%clk 0:19:17]} 43. Qd7+
{[%clk 0:31:05]} Kg8 {[%clk 0:19:17]} 44. Qe8+ {[%clk 0:29:08]} Kg7
{[%clk 0:19:23]} 45. Qe7+ {[%clk 0:29:33]} Kg8 {[%clk 0:19:47]} 46. Qd8+
{[%clk 0:29:44]} Kf7 {[%clk 0:20:03]} 47. Qd7+ {[%clk 0:30:12]} Kg8
{[%clk 0:20:23]} 48. Qe8+ 1/2-1/2

[Event "PRAGUE OPEN 2020 - A - IM open"]
[Site "?"]
[Date "2020.01.16"]
[Round "8"]
[White "Quesada Vera, Liordis"]
[Black "Pavlidou, Ekaterini"]
[Result "1-0"]
[BlackElo "2160"]
[WhiteElo "2386"]
[LiveChessVersion "1.4.8"]

1. c4 {[%clk 1:28:25]} c5 {[%clk 1:30:37]} 2. Nf3 {[%clk 1:28:44]} Nc6
{[%clk 1:30:44]} 3. Nc3 {[%clk 1:27:51]} e5 {[%clk 1:27:35]} 4. e3
{[%clk 1:25:49]} f5 {[%clk 1:24:50]} 5. a3 {[%clk 1:12:04]} e4 {[%clk 1:18:03]}
6. Ng1 {[%clk 1:09:03]} Nf6 {[%clk 1:17:52]} 7. d3 {[%clk 1:09:14]} d6
{[%clk 1:14:27]} 8. Qc2 {[%clk 1:06:14]} Qe7 {[%clk 1:09:40]} 9. Nge2
{[%clk 1:01:53]} exd3 {[%clk 1:08:28]} 10. Qxd3 {[%clk 1:02:18]} Ne5
{[%clk 1:05:47]} 11. Qc2 {[%clk 1:02:41]} Qf7 {[%clk 1:02:24]} 12. Nf4
{[%clk 1:02:13]} Be7 {[%clk 0:59:40]} 13. b3 {[%clk 0:55:53]} O-O
{[%clk 0:58:44]} 14. Bb2 {[%clk 0:55:59]} Bd7 {[%clk 0:53:35]} 15. h4
{[%clk 0:56:11]} a6 {[%clk 0:50:14]} 16. Be2 {[%clk 0:54:00]} Rab8
{[%clk 0:45:56]} 17. a4 {[%clk 0:35:04]} Rbe8 {[%clk 0:43:39]} 18. h5
{[%clk 0:30:08]} Nfg4 {[%clk 0:41:31]} 19. Bf3 {[%clk 0:16:04]} Nxf3+
{[%clk 0:38:30]} 20. gxf3 {[%clk 0:16:29]} Ne5 {[%clk 0:38:05]} 21. Rh3
{[%clk 0:16:02]} Bc6 {[%clk 0:36:23]} 22. Ncd5 {[%clk 0:13:52]} Bg5
{[%clk 0:34:14]} 23. O-O-O {[%clk 0:09:51]} Bh6 {[%clk 0:33:03]} 24. a5
{[%clk 0:04:16]} Rb8 {[%clk 0:29:17]} 25. Rg1 {[%clk 0:04:25]} b5
{[%clk 0:27:57]} 26. axb6 {[%clk 0:04:48]} Rb7 {[%clk 0:27:51]} 27. Qc3
{[%clk 0:04:26]} Rfb8 {[%clk 0:26:53]} 28. Rhg3 {[%clk 0:04:02]} Kh8
{[%clk 0:25:07]} 29. Kc2 {[%clk 0:02:15]} Rxb6 {[%clk 0:24:52]} 30. Nxb6
{[%clk 0:02:37]} Rxb6 {[%clk 0:25:18]} 31. Qa5 {[%clk 0:01:30]} Qb7
{[%clk 0:22:42]} 32. Bxe5 {[%clk 0:01:40]} dxe5 {[%clk 0:22:34]} 33. Qxc5
{[%clk 0:01:40]} Kg8 {[%clk 0:19:07]} 34. Ne6 {[%clk 0:00:55]} Be4+
{[%clk 0:19:30]} 35. fxe4 {[%clk 0:01:12]} Qxe4+ {[%clk 0:19:35]} 36. Kc3
{[%clk 0:01:25]} Rxe6 {[%clk 0:19:46]} 37. Qc7 {[%clk 0:01:28]} Kf8
{[%clk 0:15:56]} 38. Rxg7 {[%clk 0:01:33]} Bxg7 {[%clk 0:16:22]} 39. Rxg7
{[%clk 0:01:50]} 1-0

[Event "PRAGUE OPEN 2020 - A - IM open"]
[Site "?"]
[Date "2020.01.16"]
[Round "8"]
[White "Kozak, Antoni"]
[Black "Kakushadze, Ilia"]
[Result "1-0"]
[BlackElo "2149"]
[WhiteElo "2380"]
[LiveChessVersion "1.4.8"]

1. c4 {[%clk 1:30:55]} e5 {[%clk 1:30:43]} 2. Nc3 {[%clk 1:30:58]} Nf6
{[%clk 1:31:08]} 3. Nf3 {[%clk 1:31:17]} Nc6 {[%clk 1:31:33]} 4. e3
{[%clk 1:31:44]} Bb4 {[%clk 1:30:06]} 5. Qc2 {[%clk 1:32:08]} O-O
{[%clk 1:30:26]} 6. Nd5 {[%clk 1:28:05]} a5 {[%clk 1:26:42]} 7. a3
{[%clk 0:59:17]} Bc5 {[%clk 1:26:53]} 8. Ng5 {[%clk 0:56:18]} g6 {[%clk 1:25:46]}
9. Nxf6+ {[%clk 0:56:44]} Qxf6 {[%clk 1:26:11]} 10. Ne4 {[%clk 0:57:12]} Qe7
{[%clk 1:26:17]} 11. b3 {[%clk 0:57:31]} d6 {[%clk 1:24:57]} 12. Bb2
{[%clk 0:57:44]} Nd8 {[%clk 1:08:07]} 13. O-O-O {[%clk 0:50:10]} Bf5
{[%clk 1:06:24]} 14. Bd3 {[%clk 0:46:13]} Bxe4 {[%clk 1:06:33]} 15. Bxe4
{[%clk 0:45:59]} d5 {[%clk 1:06:52]} 16. Bxd5 {[%clk 0:36:48]} Bxa3
{[%clk 1:06:30]} 17. Bxa3 {[%clk 0:36:54]} Qxa3+ {[%clk 1:06:55]} 18. Qb2
{[%clk 0:37:22]} Qb4 {[%clk 1:04:25]} 19. Qc3 {[%clk 0:37:26]} Qa3+
{[%clk 1:00:48]} 20. Kc2 {[%clk 0:36:58]} c6 {[%clk 1:00:46]} 21. c5
{[%clk 0:27:51]} cxd5 {[%clk 0:44:04]} 22. Ra1 {[%clk 0:28:06]} d4
{[%clk 0:44:30]} 23. Qc4 {[%clk 0:22:47]} b5 {[%clk 0:44:55]} 24. Qxb5
{[%clk 0:23:08]} Rb8 {[%clk 0:45:22]} 25. Qxb8 {[%clk 0:23:34]} Qxc5+
{[%clk 0:45:48]} 26. Kb2 {[%clk 0:22:13]} Nc6 {[%clk 0:42:20]} 27. Qc7
{[%clk 0:22:21]} Rb8 {[%clk 0:41:40]} 28. Rhc1 {[%clk 0:22:04]} Qb5
{[%clk 0:30:00]} 29. Ra3 {[%clk 0:19:30]} Nb4 {[%clk 0:29:51]} 30. Rc4
{[%clk 0:10:15]} a4 {[%clk 0:24:11]} 31. Kb1 {[%clk 0:10:28]} dxe3
{[%clk 0:19:37]} 32. fxe3 {[%clk 0:06:07]} Nd3 {[%clk 0:16:45]} 33. Rcxa4
{[%clk 0:05:14]} Nc5 {[%clk 0:15:54]} 34. Qxb8+ {[%clk 0:04:40]} 1-0

[Event "PRAGUE OPEN 2020 - A - IM open"]
[Site "?"]
[Date "2020.01.16"]
[Round "8"]
[White "Malovanyi, Yulian"]
[Black "Foo, William J"]
[Result "1-0"]
[BlackElo "2186"]
[WhiteElo "2360"]
[LiveChessVersion "1.4.8"]

1. e4 {[%clk 1:30:53]} c6 {[%clk 1:30:52]} 2. d4 {[%clk 1:31:15]} d5
{[%clk 1:31:17]} 3. e5 {[%clk 1:31:38]} c5 {[%clk 1:31:41]} 4. dxc5
{[%clk 1:31:49]} e6 {[%clk 1:31:58]} 5. a3 {[%clk 1:31:59]} Bxc5 {[%clk 1:31:49]}
6. Nf3 {[%clk 1:32:10]} Qb6 {[%clk 1:29:43]} 7. Qd2 {[%clk 1:30:46]} a5
{[%clk 1:29:27]} 8. Nc3 {[%clk 1:26:06]} Bd7 {[%clk 1:28:51]} 9. Bd3
{[%clk 1:25:28]} Ne7 {[%clk 1:27:26]} 10. O-O {[%clk 1:24:45]} Bc6
{[%clk 1:21:35]} 11. Qg5 {[%clk 1:20:16]} Nd7 {[%clk 1:04:03]} 12. Bd2
{[%clk 1:00:46]} Ng6 {[%clk 0:58:16]} 13. h4 {[%clk 0:56:37]} Bd4
{[%clk 0:34:50]} 14. Rae1 {[%clk 0:53:40]} O-O {[%clk 0:33:27]} 15. Qg3
{[%clk 0:41:31]} Rae8 {[%clk 0:27:52]} 16. h5 {[%clk 0:29:26]} Ngxe5
{[%clk 0:28:07]} 17. Nxe5 {[%clk 0:27:19]} Nxe5 {[%clk 0:28:28]} 18. Rxe5
{[%clk 0:27:21]} Bxe5 {[%clk 0:28:16]} 19. Qxe5 {[%clk 0:27:50]} f6
{[%clk 0:25:02]} 20. Qd6 {[%clk 0:25:56]} Rf7 {[%clk 0:25:25]} 21. h6
{[%clk 0:19:17]} g6 {[%clk 0:24:45]} 22. Na4 {[%clk 0:18:28]} Qd4
{[%clk 0:22:03]} 23. Nc5 {[%clk 0:18:27]} Qxb2 {[%clk 0:19:56]} 24. Nxe6
{[%clk 0:15:14]} Rd7 {[%clk 0:17:10]} 25. Qg3 {[%clk 0:15:21]} Rxe6
{[%clk 0:15:32]} 26. Qb8+ {[%clk 0:15:04]} Kf7 {[%clk 0:15:54]} 27. Qh8
{[%clk 0:15:27]} 1-0